000 00611cam a2200205 i 4500
001 sa 65002616
003 DLC
005 20260227112117.0
008 841105s1964 ii 00010 tamo
010 _asa 65002616 //r892
050 0 _aPL4758.9.S868
_bM3
100 1 0 _aCuppiramaṇiyan̲, A. Ve.,
_d1924-
245 1 0 _aMaṇṇil nallavaṇṇam vāl̲aām /
_c[el̲utiyavar] A.V. Cuppiramaṇiyan̲.
250 _a[1. patippu].
260 0 _aMaturai :
_bMīn̲āṭci Puttaka Nilaiyam,
_c1964.
300 _a189 p. ;
_c19 cm.
490 0 _aMīn̲āṭci ;
_v42
500 _aIn Tamil.
500 _aA novel.
999 _c62723
_d62723